<?xml version="1.0" encoding="UTF-8"?>
<record
    xmlns:xsi="http://www.w3.org/2001/XMLSchema-instance"
    xsi:schemaLocation="http://www.loc.gov/MARC21/slim http://www.loc.gov/standards/marcxml/schema/MARC21slim.xsd"
    xmlns="http://www.loc.gov/MARC21/slim">

  <leader>01807nam a22001457a 4500</leader>
  <datafield tag="999" ind1=" " ind2=" ">
    <subfield code="c">525572</subfield>
    <subfield code="d">525572</subfield>
  </datafield>
  <controlfield tag="008">240322b           ||||| |||| 00| 0 eng d</controlfield>
  <datafield tag="100" ind1=" " ind2=" ">
    <subfield code="a">Jugl, Marlene</subfield>
    <subfield code="9">50776</subfield>
  </datafield>
  <datafield tag="245" ind1=" " ind2=" ">
    <subfield code="a">Administrative characteristics and timing of governments' crisis responses: A global study of early reactions to Covid-19</subfield>
  </datafield>
  <datafield tag="260" ind1=" " ind2=" ">
    <subfield code="a">Public Administration: An international quarterly  </subfield>
  </datafield>
  <datafield tag="300" ind1=" " ind2=" ">
    <subfield code="a">101(4), Dec, 2023: p. 1408-1426</subfield>
  </datafield>
  <datafield tag="520" ind1=" " ind2=" ">
    <subfield code="a">In a crisis, fast reaction is key. But what can public administration tell us about this? This study develops a theoretical framework explaining how administrative characteristics, including fragmentation, capacities, legacies and learning, affect governments' response timing. The COVID-19 pandemic is exploited as a unique empirical setting to test this framework and its scope conditions. Region fixed-effects models and survival analysis of partly hand collected data for more than 150 national governments confirm some limited predictive power of administrative structures and traditions: Especially in developing countries, governments with a separate ministry of health adopted binding containment measures faster. Countries with hierarchical administrative traditions, for example, socialist, adopted some interventions like school closures faster than more liberal traditions, for example, Anglo-American. These characteristics increase threat perception and availability of a response, respectively. Results also suggest that intracrisis and intercrisis learning supply governments with response options. The study advances comparative public administration and crisis research. &#x2013; Reproduced 

https://onlinelibrary.wiley.com/doi/10.1111/padm.12889
</subfield>
  </datafield>
  <datafield tag="773" ind1=" " ind2=" ">
    <subfield code="a">Public Administration: An international quarterly  </subfield>
  </datafield>
  <datafield tag="906" ind1=" " ind2=" ">
    <subfield code="a">PUBLIC ADMINISTRATION</subfield>
  </datafield>
  <datafield tag="942" ind1=" " ind2=" ">
    <subfield code="c">AR</subfield>
  </datafield>
  <datafield tag="952" ind1=" " ind2=" ">
    <subfield code="0">0</subfield>
    <subfield code="1">0</subfield>
    <subfield code="2">ddc</subfield>
    <subfield code="4">0</subfield>
    <subfield code="7">0</subfield>
    <subfield code="9">400631</subfield>
    <subfield code="a">IIPA</subfield>
    <subfield code="b">IIPA</subfield>
    <subfield code="d">2024-03-22</subfield>
    <subfield code="h">101(4), Dec, 2023: p. 1408-1426</subfield>
    <subfield code="p">AR131372</subfield>
    <subfield code="r">2024-03-22</subfield>
    <subfield code="y">AR</subfield>
  </datafield>
</record>
